000 01634nam0a2200325 4500
001 RU\NLR\BIBL_A\012021200
005 20251204173851.0
010 _a978-5-9275-3077-9
_9300
021 _aRU
_bКН-П-19-2325
_9КН-П-19-031179
035 _a(NLR Aleph) 012021200
035 _a(RuMoRGB)009965394
090 _a11502616
_c11502616
100 _a20190524d2019 k y0rusy50 ca
101 0 _arus
_aeng
_aarm
102 _aRU
105 _aabc|z|||000zy
200 1 _aСтолица великой Армении Тигранакерт в контексте армяно-римско-ближневосточных межгосударственных отношений (296-301 гг.)
_eмонография
_fА. Ж. Арутюнян
210 _aРостов-на-Дону
_aТаганрог
_cИзд-во Южного федерального университета
_d2019
215 _a253, [6] с.
_cил., цв. ил., карт., портр.
_d20
300 _aТекст рус., англ., армян.
320 _aБиблиогр.: с. 194-224, 250-253 и в подстроч. примеч.
607 _aТигранакерт, древне-армянский город
_2nlr_sh1
_2nlr_sh2
_3RU\NLR\AUTH\66344366
607 _aАрмения
_xИстория
_zДревний период
_2nlr_sh1
_2nlr_sh2
_3RU\NLR\AUTH\661417423
686 1 _aТ3(2Ар)22,02
700 1 _aАрутюнян
_bА. Ж.
_f1958-
_gАкоп Жораевич
_3RU\NLR\AUTH\770287460
942 _cBOOK
980 _aNBR
980 _aNB